000 00927nmm a2200289 a 4500
001 ocm0001916869
003 TR-IsHL
005 20201028175043.0
008 180925s2017 tu tur
007 cr cn
020 _a9786054194766
035 _a1916869
_b(N$T)
050 0 4 _aBP170.82
_b.D55 2017
090 0 4 _aBP170.82
_b.D55 2017
100 1 _aDilipak, Abdurrahman
245 1 0 _aVahdet ama nasıl: İslam cemaatine doğru
_h[electronic resource] /
_cAbdurrahman Dilipak
250 _a5. Baskı
260 _aİstanbul :
_bİnkılab Yayınları,
_c2017
300 _a255 p.
500 _aKaynakça var.
650 4 _aFelsefe, Psikoloji ve Din
650 4 _aPhilosophy, Psychology and Religion
650 0 _aİslam ahlakı
650 0 _aIslamic ethics
650 7 _a RELIGION / Ethics
_2bisacsh
856 4 0 _uhttp://search.ebscohost.com/login.aspx?direct=true&scope=site&db=e011xww&AN=1916869
999 _c18486
_d18486